Senior Art centrum

Salvato in:
Dettagli Bibliografici
Autore principale: Velický, Lukáš (Autore)
Altri autori: Meziani, Yakoub (Relatore della tesi)
Natura: Manoscritto Libro
Lingua:slovacco
Pubblicazione: Bratislava 2018
Soggetti:
Accesso online:http://is.stuba.sk/zp/portal_zp.pl?podrobnosti=112067
Tags: Aggiungi Tag
Nessun Tag, puoi essere il primo ad aggiungerne!!

MARC

LEADER 00000ntm a22000003a 4500
001 stuzp63834
003 SK-STU
005 20210129105729.9
007 ta
008 150427s2015----xo-----f-mn---000-0-slo-d
040 |a STU  |b slo 
041 0 |a slo 
100 1 |a Velický, Lukáš  |u 054140  |4 aut  |U FAD Fakulta architektúry  |T FA Ústav konštrukcií v architektúre a inžinierskych stavieb  |X 65463  |U A4140  |Y 395  |7 65463 
242 0 1 |a Senior art center  |y eng 
245 1 0 |a Senior Art centrum 
260 |c 2018  |a Bratislava 
650 4 |a senior  |2 slo 
650 4 |a art  |2 slo 
650 4 |a centrum  |2 slo 
650 4 |a art  |2 eng 
650 4 |a center  |2 eng 
650 4 |a senior  |2 eng 
700 1 |a Meziani, Yakoub  |u 054140  |k Z1  |4 ths  |U FAD Fakulta architektúry  |T FA Ústav konštrukcií v architektúre a inžinierskych stavieb  |X 5058  |U A4140  |Y 395  |7 A000005058 
856 4 |u http://is.stuba.sk/zp/portal_zp.pl?podrobnosti=112067  |u https://opac.crzp.sk/?fn=detailBiblioForm&sid=85D30AFD358849054394B34E20A9